[Event "Langenhagen Summer op 1st"]
[Site "Langenhagen"]
[Date "2019.07.06"]
[Round "6"]
[White "Elsner, Robert"]
[Black "Polenz, Frederik"]
[Result "0-1"]
[WhiteElo "1755"]
[BlackElo "1905"]
[PlyCount "104"]
[EventDate "2019.07.04"]
[EventType "swiss"]
[EventRounds "7"]
[EventCountry "GER"]
[SourceTitle "EXT 2020"]
[Source "ChessBase"]
[SourceDate "2019.10.17"]
[SourceVersion "1"]
[SourceVersionDate "2019.10.17"]
[SourceQuality "1"]

1. Nf3 f5 2. g3 Nf6 3. Bg2 e6 4. 0-0 Be7 5. d3 d5 6. Nbd2 0-0 7. e4 c6 8. exf5 exf5 9. Re1 Bc5 10. Nb3 Bb6 11. h3 a5 12. a4 Nbd7 13. Nbd4 Nc5 14. c3 Kh8 15. Qc2 Bd7 16. Bd2 Qc8 17. Re2 Be8 18. Rae1 Bh5 19. Bf4 Nfe4 20. dxe4 fxe4 21. Ne5 Bxe2 22. Rxe2 Ne6 23. Nxe6 Qxe6 24. h4 Bd8 25. Qd2 Bf6 26. Nf3 Qg4 27. Ng5 h6 28. Bh3 Qh5 29. Ne6 Rf7 30. Be3 g5 31. hxg5 hxg5 32. Bg2 Rg8 33. Re1 Qg4 34. Nc5 Rg6 35. Bd4 Rh6 36. Bxf6+ Rhxf6 37. Qd4 Kh7 38. b4 axb4 39. cxb4 Qh5 40. b5 Rh6 41. bxc6 bxc6 42. Re3 Qh2+ 43. Kf1 Rhf6 44. Rb3 Qh5 45. a5 Rxf2+ 46. Kg1 Qe2 47. Bxe4+ dxe4 48. Qxe4+ Kh6 49. Qxe2 Rxe2 50. a6 Rf5 51. Nb7 Rd5 52. Kf1 Ra2 0-1

[Event "Langenhagen Summer op 1st"]
[Site "Langenhagen"]
[Date "2019.07.05"]
[Round "4"]
[White "Miettinen, Teemu"]
[Black "Polenz, Frederik"]
[Result "1-0"]
[WhiteElo "2021"]
[BlackElo "1905"]
[PlyCount "80"]
[EventDate "2019.07.04"]
[EventType "swiss"]
[EventRounds "7"]
[EventCountry "GER"]
[SourceTitle "EXT 2020"]
[Source "ChessBase"]
[SourceDate "2019.10.17"]
[SourceVersion "1"]
[SourceVersionDate "2019.10.17"]
[SourceQuality "1"]

1. e4 d6 2. d4 Nf6 3. Nc3 e5 4. Nf3 Nbd7 5. Bc4 h6 6. 0-0 c6 7. a4 Qc7 8. Ba2 Be7 9. h3 g5 10. Qe2 Nf8 11. Qc4 Ne6 12. Ne2 Nxe4 13. dxe5 d5 14. Qd3 h5 15. Nfd4 Qxe5 16. Nxe6 Bxe6 17. f4 gxf4 18. Bxf4 Qg7 19. c3 Rg8 20. Qf3 Bg5 21. Rad1 Bxf4 22. Nxf4 Ng5 23. Qe2 0-0-0 24. Nxe6 fxe6 25. Rd3 e5 26. Rg3 e4 27. Qxh5 Qe5 28. Qg4+ Rd7 29. Rf5 Nf3+ 30. Rgxf3 Rxg4 31. Rxe5 Rh4 32. Rf2 Rg7 33. Kh2 Rgh7 34. Ref5 Kc7 35. Bb3 Kb6 36. Bd1 a5 37. Bc2 Kc5 38. Rf7 Rxf7 39. Rxf7 b6 40. g4 Rh6 1-0

[Event "Langenhagen Summer op 1st"]
[Site "Langenhagen"]
[Date "2019.07.04"]
[Round "1"]
[White "Polenz, Frederik"]
[Black "Andersen, Gunnar James"]
[Result "0-1"]
[WhiteElo "1905"]
[BlackElo "2166"]
[PlyCount "94"]
[EventDate "2019.07.04"]
[EventType "swiss"]
[EventRounds "7"]
[EventCountry "GER"]
[SourceTitle "EXT 2020"]
[Source "ChessBase"]
[SourceDate "2019.10.17"]
[SourceVersion "1"]
[SourceVersionDate "2019.10.17"]
[SourceQuality "1"]

1. f4 g6 2. e4 Bg7 3. Nf3 c6 4. Nc3 d5 5. exd5 cxd5 6. Bb5+ Bd7 7. Qe2 Nf6 8. 0-0 0-0 9. Kh1 Bg4 10. d3 a6 11. Ba4 b5 12. Bb3 Nc6 13. Qf2 Bxf3 14. Qxf3 Nd4 15. Qf2 Nf5 16. h3 h5 17. Ne2 e6 18. c3 a5 19. a3 Qc7 20. Be3 Qb7 21. Nd4 Nxe3 22. Qxe3 b4 23. Ba4 bxc3 24. Bc6 Qb6 25. bxc3 Rac8 26. Rfb1 Qc5 27. Bb7 Rc7 28. Ra2 Qa7 29. Rab2 Rxc3 30. Rb6 Nd7 31. Nb5 Qxb6 32. Qxb6 Nxb6 33. Nxc3 Nd7 34. Na4 Rb8 35. Rb5 Bd4 36. g3 Kf8 37. Bc6 Rxb5 38. Bxb5 Ke7 39. Kg2 Nf6 40. Kf3 Ne8 41. g4 Nc7 42. Bc6 Kd6 43. Bb7 Nb5 44. gxh5 gxh5 45. Kg3 Kc7 46. Ba6 Nd6 47. Kh4 Kb8 0-1

[Event "Hannover Ihme Cup"]
[Site "Hannover"]
[Date "2016.05.22"]
[Round "5"]
[White "Seeber, Helmut"]
[Black "Polenz, Frederik"]
[Result "0-1"]
[WhiteElo "1618"]
[BlackElo "1903"]
[PlyCount "54"]
[EventDate "2016.05.20"]
[EventType "swiss"]
[EventRounds "5"]
[EventCountry "GER"]
[SourceTitle "CBM 189 Extra"]
[Source "ChessBase"]
[SourceDate "2019.06.03"]
[SourceVersion "1"]
[SourceVersionDate "2019.06.03"]
[SourceQuality "1"]

1. e4 d6 2. d4 Nf6 3. Bd3 e5 4. d5 Be7 5. c4 0-0 6. Nf3 Ne8 7. Nc3 f5 8. exf5 Bxf5 9. Bxf5 Rxf5 10. 0-0 Nd7 11. Ne4 h6 12. Be3 b6 13. b4 a5 14. a3 Rf7 15. Qd2 Nef6 16. Qd3 Nxe4 17. Qxe4 b5 18. Rfc1 Nf6 19. Qg6 Kf8 20. Nh4 Nxd5 21. Nf5 Nxe3 22. Nxe3 bxc4 23. Nxc4 axb4 24. axb4 Bg5 25. Rd1 Rf4 26. Nxe5 Rxa1 27. Qd3 Rxd1+ 0-1

[Event "Hannover Ihme Cup"]
[Site "Hannover"]
[Date "2016.05.21"]
[Round "2"]
[White "Hoffmann, Lukas"]
[Black "Polenz, Frederik"]
[Result "1-0"]
[WhiteElo "2270"]
[BlackElo "1903"]
[PlyCount "117"]
[EventDate "2016.05.20"]
[EventType "swiss"]
[EventRounds "5"]
[EventCountry "GER"]
[SourceTitle "CBM 189 Extra"]
[Source "ChessBase"]
[SourceDate "2019.06.03"]
[SourceVersion "1"]
[SourceVersionDate "2019.06.03"]
[SourceQuality "1"]

1. Nf3 d5 2. c4 c6 3. e3 Nf6 4. Nc3 g6 5. d4 Bg7 6. Be2 0-0 7. 0-0 Bg4 8. h3 Bxf3 9. Bxf3 e6 10. b3 Re8 11. Bb2 Nbd7 12. Be2 h5 13. Qc2 Rc8 14. Rfd1 a6 15. a4 Bf8 16. c5 e5 17. b4 exd4 18. exd4 Qc7 19. b5 axb5 20. axb5 Ra8 21. b6 Qf4 22. g3 Qb8 23. Rxa8 Qxa8 24. Ra1 Qb8 25. Bc1 Ne4 26. Bf4 Qc8 27. Nxe4 Rxe4 28. Ra4 Qe8 29. Bf3 Re1+ 30. Kg2 Nf6 31. Ra7 Qc8 32. Bd2 Re8 33. Qa2 Bg7 34. Bf4 Nd7 35. Be3 Nf8 36. Bxd5 cxd5 37. Qxd5 Re7 38. Qf3 Ne6 39. c6 Nd8 40. d5 Be5 41. c7 Bxc7 42. bxc7 Qxc7 43. Qf6 Qe5 44. Qxe5 Rxe5 45. Ra8 Rxd5 46. Bb6 Kg7 47. Rxd8 Rxd8 48. Bxd8 Kf8 49. Bf6 Ke8 50. Kf3 Kd7 51. Ke4 Ke6 52. Bc3 Kd6 53. Bb4+ Ke6 54. f4 Kf6 55. g4 hxg4 56. hxg4 Ke6 57. f5+ gxf5+ 58. gxf5+ Kd7 59. Ke5 1-0

[Event "Hannover-chB"]
[Site "Lehrte"]
[Date "2014.10.28"]
[Round "7"]
[White "Jaekel, Michael"]
[Black "Polenz, Frederik"]
[Result "0-1"]
[WhiteElo "1742"]
[BlackElo "1784"]
[PlyCount "110"]
[EventDate "2014.10.25"]
[EventType "tourn"]
[EventRounds "7"]
[EventCountry "GER"]
[SourceTitle "EXT 2021"]
[Source "ChessBase"]
[SourceDate "2020.10.23"]
[SourceVersion "1"]
[SourceVersionDate "2020.10.23"]
[SourceQuality "1"]

1. e4 d6 2. d4 Nf6 3. Nc3 e5 4. dxe5 dxe5 5. Qxd8+ Kxd8 6. Bg5 Be6 7. 0-0-0+ Nbd7 8. Nf3 Bd6 9. Bb5 Kc8 10. h3 a6 11. Bd3 h6 12. Bxf6 Nxf6 13. Kb1 b5 14. Nd2 Kb7 15. Nb3 Rhd8 16. a3 c5 17. Nd2 c4 18. Be2 Bc5 19. Nf3 Bd4 20. Nxd4 exd4 21. e5 Rac8 22. Bf3+ Kb6 23. exf6 dxc3 24. fxg7 cxb2 25. c3 Kc7 26. Kxb2 Rxd1 27. Rxd1 Rg8 28. Rd4 Rxg7 29. a4 Rg6 30. axb5 axb5 31. Ka3 Rf6 32. Rh4 Bd7 33. Rh5 Ra6+ 34. Kb4 Kb6 35. Bd1 Ra1 36. Rd5 Bc6 37. Rd6 Rb1+ 38. Ka3 Kc5 39. Rd2 Bxg2 40. Ka2 Be4 41. f3 Bg6 42. f4 b4 43. cxb4+ Rxb4 44. Rd8 c3 45. Rc8+ Kd4 46. Ka3 Rb6 47. h4 Kd3 48. h5 Bf5 49. Rc5 Be4 50. Bb3 f5 51. Rc8 Kd2 52. Rd8+ Ke3 53. Rc8 Rc6 54. Rxc6 Bxc6 55. Bc2 Be4 0-1

[Event "Hannover-chB"]
[Site "Lehrte"]
[Date "2014.10.27"]
[Round "6"]
[White "Hanemann, Henno"]
[Black "Polenz, Frederik"]
[Result "1/2-1/2"]
[WhiteElo "1706"]
[BlackElo "1784"]
[PlyCount "45"]
[EventDate "2014.10.25"]
[EventType "tourn"]
[EventRounds "7"]
[EventCountry "GER"]
[SourceTitle "EXT 2021"]
[Source "ChessBase"]
[SourceDate "2020.10.23"]
[SourceVersion "1"]
[SourceVersionDate "2020.10.23"]
[SourceQuality "1"]

1. e4 d6 2. d4 Nf6 3. Bc4 c6 4. Nc3 b5 5. Bb3 a5 6. a3 g6 7. Nf3 Bg7 8. 0-0 0-0 9. Re1 Bb7 10. Bf4 b4 11. axb4 axb4 12. Rxa8 Bxa8 13. Nb1 c5 14. dxc5 dxc5 15. Qxd8 Rxd8 16. Nbd2 Nc6 17. Nc4 Nd4 18. Nxd4 Rxd4 19. f3 Rd7 20. Ne5 Ra7 21. Nxf7 Nh5 22. Bb8 Ra6 23. Ng5+ 1/2-1/2

[Event "Hannover Ihme Cup"]
[Site "Hannover"]
[Date "2014.05.11"]
[Round "4"]
[White "Jacobi, Felix Hagen"]
[Black "Polenz, Frederik"]
[Result "1-0"]
[WhiteElo "1931"]
[BlackElo "1915"]
[PlyCount "83"]
[EventDate "2014.05.09"]
[EventType "swiss"]
[EventRounds "5"]
[EventCountry "GER"]
[SourceTitle "EXT 2021"]
[Source "ChessBase"]
[SourceDate "2020.10.23"]
[SourceVersion "1"]
[SourceVersionDate "2020.10.23"]
[SourceQuality "1"]

1. e4 d6 2. d4 Nf6 3. f3 g6 4. c4 Bg7 5. Nc3 0-0 6. Bd3 c5 7. d5 e6 8. Nge2 Re8 9. Bg5 h6 10. Bh4 Na6 11. Rc1 Nc7 12. 0-0 a6 13. b3 Rb8 14. Qc2 b5 15. f4 bxc4 16. bxc4 exd5 17. Nxd5 Ncxd5 18. cxd5 Qa5 19. Nc3 Bd7 20. h3 Nh5 21. g4 Bxc3 22. Qxc3 Qxc3 23. Rxc3 Ng7 24. Re1 h5 25. Bxa6 Bb5 26. Bxb5 Rxb5 27. e5 hxg4 28. hxg4 Rb4 29. exd6 Rxe1+ 30. Bxe1 Rb6 31. Rxc5 Rxd6 32. Kg2 f5 33. Kf3 fxg4+ 34. Kxg4 Rd7 35. a4 Kf7 36. Bb4 Nf5 37. Rb5 Nd4 38. Rb6 Ra7 39. a5 Nc2 40. Bd2 Na3 41. a6 Nc4 42. Rb7+ 1-0

[Event "Hannover Ihme Cup"]
[Site "Hannover"]
[Date "2014.05.11"]
[Round "5"]
[White "Polenz, Frederik"]
[Black "Brockmann, Marc"]
[Result "0-1"]
[WhiteElo "1915"]
[BlackElo "1356"]
[PlyCount "42"]
[EventDate "2014.05.09"]
[EventType "swiss"]
[EventRounds "5"]
[EventCountry "GER"]
[SourceTitle "EXT 2021"]
[Source "ChessBase"]
[SourceDate "2020.10.23"]
[SourceVersion "1"]
[SourceVersionDate "2020.10.23"]
[SourceQuality "1"]

1. f4 d5 2. b3 Nf6 3. e3 Bg4 4. Be2 Bxe2 5. Qxe2 c6 6. Bb2 e6 7. Nc3 Bd6 8. 0-0-0 Qe7 9. Nf3 Ba3 10. d3 Bxb2+ 11. Kxb2 b5 12. Ne5 a5 13. Rdg1 a4 14. Kc1 axb3 15. axb3 Qa3+ 16. Kd2 Qb4 17. g4 d4 18. exd4 Qxd4 19. g5 b4 20. Na4 Nd5 21. Qe4 Qf2+ 0-1

[Event "Daehne Cup Region 11/12 I Rest"]
[Site "Hannover"]
[Date "2011.11.16"]
[Round "3"]
[White "Polenz, Frederik"]
[Black "Basic, Miroslav"]
[Result "1/2-1/2"]
[WhiteElo "1794"]
[BlackElo "1433"]
[PlyCount "68"]
[EventDate "2011.11.??"]
[EventType "swiss"]
[EventCountry "GER"]
[SourceTitle "EXT 2022"]
[Source "ChessBase"]
[SourceDate "2021.10.06"]
[SourceVersion "1"]
[SourceVersionDate "2021.10.06"]
[SourceQuality "1"]

1. f4 d5 2. b3 Nc6 3. Bb2 Bf5 4. e3 e6 5. Nf3 Nf6 6. Nc3 a6 7. d3 Bc5 8. Qd2 Ng4 9. d4 Bb6 10. h3 Nf6 11. 0-0-0 Ba5 12. g4 Be4 13. Bg2 h6 14. a3 Bxc3 15. Bxc3 a5 16. Ne5 Qd6 17. Bxe4 Nxe4 18. Qe1 Qxa3+ 19. Kb1 Nb4 20. Bb2 Qa2+ 21. Kc1 Nc6 22. Nxc6 bxc6 23. Rh2 a4 24. bxa4 Rxa4 25. Rd3 0-0 26. h4 Rb8 27. c3 Rxb2 28. Rxb2 Qa1+ 29. Rb1 Qa3+ 30. Kc2 c5 31. Rb3 Qa2+ 32. Rb2 Qa3 33. Rb3 Qa2+ 34. Rb2 Qa3 1/2-1/2

[Event "Lippe Cup-B 08th"]
[Site "Lieme"]
[Date "2011.10.29"]
[Round "3"]
[White "Polenz, Frederik"]
[Black "Goes, Carsten"]
[Result "1-0"]
[WhiteElo "1715"]
[BlackElo "1605"]
[PlyCount "45"]
[EventDate "2011.10.28"]
[EventType "swiss"]
[EventRounds "5"]
[EventCountry "GER"]
[SourceTitle "EXT 2012"]
[Source "ChessBase"]
[SourceDate "2011.11.24"]
[SourceVersion "1"]
[SourceVersionDate "2011.11.24"]
[SourceQuality "1"]

1. f4 d5 2. b3 Nf6 3. e3 g6 4. Bb2 Bg7 5. Nf3 0-0 6. Be2 c5 7. 0-0 Nc6 8. Ne5 Qb6 9. Nc3 d4 10. Na4 Qc7 11. Nxc5 Nxe5 12. fxe5 Qxc5 13. Bxd4 Qc6 14. exf6 exf6 15. a4 Bf5 16. d3 Rfd8 17. Bf3 Qc7 18. a5 Rac8 19. c4 Bf8 20. Bd5 Bd6 21. h3 Bh2+ 22. Kh1 Be5 23. Bxe5 1-0

[Event "Hannover-chB"]
[Site "Lehrte"]
[Date "2011.10.16"]
[Round "3"]
[White "Polenz, Frederik"]
[Black "Frese, Immo"]
[Result "1-0"]
[WhiteElo "1715"]
[BlackElo "1678"]
[PlyCount "155"]
[EventDate "2011.10.15"]
[EventType "swiss"]
[EventRounds "7"]
[EventCountry "GER"]
[SourceTitle "EXT 2021"]
[Source "ChessBase"]
[SourceDate "2020.10.23"]
[SourceVersion "1"]
[SourceVersionDate "2020.10.23"]
[SourceQuality "1"]

1. f4 d5 2. b3 Nf6 3. e3 g6 4. Bb2 Bg7 5. Nf3 Bg4 6. Be2 0-0 7. 0-0 c5 8. Ne5 Bxe2 9. Qxe2 e6 10. a4 Nbd7 11. Nc3 a6 12. a5 Qc7 13. d4 Rac8 14. Rfc1 cxd4 15. exd4 Nb8 16. b4 b5 17. axb6 Qxb6 18. Na4 Qxb4 19. Qe3 Rfe8 20. c3 Qb5 21. Rcb1 Red8 22. Bc1 Qe8 23. Nc5 Nfd7 24. Nexd7 Nxd7 25. Nb7 Nf6 26. Nxd8 Qxd8 27. Rxa6 Ne4 28. Bd2 Qc7 29. Ra3 Rb8 30. Raa1 Rc8 31. Rc1 Qc4 32. Rab1 Bf8 33. Be1 Ba3 34. Rc2 Bd6 35. g3 Kg7 36. Rd1 Rb8 37. Qd3 Rc8 38. Qxc4 Rxc4 39. Rb1 Kf6 40. Kg2 h5 41. Kf3 g5 42. Rb7 g4+ 43. Ke3 Kg6 44. Kd3 Ra4 45. Rcb2 Ra1 46. Rb1 Ra2 47. R7b2 Ra4 48. Kc2 Rc4 49. Ra1 Rc7 50. Kd3 Kf5 51. Rb5 Rc4 52. Ra7 f6 53. Rh7 Ra4 54. Rxh5+ Kg6 55. Rh4 Ra1 56. Bd2 Ra2 57. Be1 Ra1 58. Rxg4+ Kf5 59. Rh4 Rxe1 60. Kc2 Re2+ 61. Kd3 Rd2+ 62. Ke3 Rd1 63. c4 Re1+ 64. Kf3 Rf1+ 65. Kg2 Rf2+ 66. Kg1 Rd2 67. cxd5 Rd1+ 68. Kg2 Rd2+ 69. Kf3 Rd3+ 70. Ke2 Rd2+ 71. Ke3 Re2+ 72. Kxe2 Nc3+ 73. Kd3 Nxb5 74. dxe6 Kxe6 75. f5+ Kxf5 76. Rh5+ Ke6 77. Rxb5 f5 78. Ke3 1-0

[Event "Enger Knappen Cup op-B"]
[Site "Enger"]
[Date "2010.12.28"]
[Round "3"]
[White "Polenz, Frederik"]
[Black "Bentel, Robin"]
[Result "1-0"]
[WhiteElo "1919"]
[BlackElo "1680"]
[PlyCount "149"]
[EventDate "2010.12.27"]
[EventType "swiss"]
[EventRounds "7"]
[EventCountry "GER"]
[SourceTitle "CBM 140 Extra"]
[Source "ChessBase"]
[SourceDate "2011.03.01"]
[SourceVersion "1"]
[SourceVersionDate "2011.03.01"]
[SourceQuality "1"]

1. f4 d5 2. b3 Nf6 3. e3 c5 4. Bb2 Nc6 5. Bb5 Bg4 6. Nf3 e6 7. Bxc6+ bxc6 8. 0-0 Bd6 9. h3 Bxf3 10. Qxf3 0-0 11. d3 Re8 12. e4 e5 13. f5 c4 14. Nc3 d4 15. Ne2 cxd3 16. Qxd3 Nd7 17. Qg3 f6 18. Bxd4 exd4 19. Qxd6 Rxe4 20. Qxc6 Qe8 21. Nf4 Rc8 22. Qd5+ Kh8 23. Ne6 Re5 24. Qxd4 Rxc2 25. Rf2 Rxf2 26. Qxf2 g6 27. Nd4 gxf5 28. Nxf5 a5 29. Rd1 Re2 30. Qg3 Qf7 31. Nh6 Qg7 32. Qxg7+ Kxg7 33. Nf5+ Kg6 34. Nh4+ Kh5 35. Rxd7 Kxh4 36. Rxh7+ Kg5 37. a4 Kg6 38. Rb7 Rb2 39. Rb5 f5 40. Kh2 f4 41. Kg1 Kf6 42. Rxa5 Rxb3 43. Kf2 Ra3 44. Ra8 Kg5 45. a5 Kf5 46. a6 Kg6 47. a7 Kg7 48. Ke2 Kh7 49. Kd2 Kg7 50. Kc2 Kh7 51. Kb2 Ra6 52. Kc3 Ra1 53. Kd4 Ra5 54. Ke4 Ra4+ 55. Kf5 Kg7 56. h4 Kh7 57. h5 Kg7 58. h6+ Kh7 59. Kg4 Ra5 60. Kxf4 Ra4+ 61. Kg3 Ra6 62. Kf4 Ra4+ 63. Ke5 Ra5+ 64. Kd4 Ra4+ 65. Kc5 Ra1 66. g4 Rc1+ 67. Kd4 Rd1+ 68. Ke3 Re1+ 69. Kd2 Ra1 70. g5 Ra2+ 71. Ke3 Ra3+ 72. Kd4 Ra4+ 73. Kc3 Ra6 74. g6+ Rxg6 75. Rc8 1-0

[Event "Hannover-chC"]
[Site "Lehrte"]
[Date "2010.10.12"]
[Round "7"]
[White "Kiesel, Harald"]
[Black "Polenz, Frederik"]
[Result "1-0"]
[WhiteElo "2047"]
[BlackElo "1813"]
[PlyCount "57"]
[EventDate "2010.10.09"]
[EventType "swiss"]
[EventRounds "7"]
[EventCountry "GER"]
[SourceTitle "EXT 2021"]
[Source "ChessBase"]
[SourceDate "2020.10.23"]
[SourceVersion "1"]
[SourceVersionDate "2020.10.23"]
[SourceQuality "1"]

1. e4 d6 2. d4 Nf6 3. Nc3 e5 4. Nf3 Nbd7 5. Bc4 h6 6. 0-0 c6 7. a4 Qc7 8. Re1 Be7 9. b3 0-0 10. Ba3 Re8 11. Qd2 Nf8 12. Rad1 Bg4 13. dxe5 dxe5 14. Bxe7 Qxe7 15. Qe3 b6 16. Rd2 Bxf3 17. Qxf3 a6 18. Qe3 b5 19. Bf1 Ne6 20. axb5 axb5 21. Ne2 g5 22. Ng3 Kh7 23. Nf5 Qc5 24. Qh3 Ng8 25. Rd7 Rf8 26. Nd6 Nd8 27. Rd1 Nf6 28. Nf5 Ng8 29. R1d6 1-0

[Event "Hannover-chC"]
[Site "Lehrte"]
[Date "2010.10.11"]
[Round "6"]
[White "Polenz, Frederik"]
[Black "Wittur, Helge"]
[Result "0-1"]
[WhiteElo "1813"]
[BlackElo "1894"]
[PlyCount "70"]
[EventDate "2010.10.09"]
[EventType "swiss"]
[EventRounds "7"]
[EventCountry "GER"]
[SourceTitle "EXT 2021"]
[Source "ChessBase"]
[SourceDate "2020.10.23"]
[SourceVersion "1"]
[SourceVersionDate "2020.10.23"]
[SourceQuality "1"]

1. f4 d5 2. b3 Nf6 3. e3 e6 4. Bb2 Be7 5. Nf3 0-0 6. Ne5 Nbd7 7. Bd3 Nc5 8. 0-0 Nxd3 9. cxd3 Nd7 10. Rf3 f6 11. Nxd7 Bxd7 12. Rh3 Qe8 13. Nc3 e5 14. Rg3 c6 15. Ne2 Bd6 16. Qf1 Bf5 17. d4 e4 18. a4 h5 19. h4 Bg4 20. Nc1 g5 21. hxg5 fxg5 22. Ba3 Bxa3 23. Rxa3 Qe7 24. Ra1 gxf4 25. exf4 Qh4 26. Qf2 Qf6 27. Ne2 Kh7 28. Rf1 Qf5 29. Nc3 Rf6 30. b4 Raf8 31. Ne2 Kh6 32. Re3 Bxe2 33. Qxe2 Rg8 34. g3 Rfg6 35. Qh2 Rg4 0-1

[Event "Niedersachsen-ch op"]
[Site "Verden"]
[Date "2009.01.04"]
[Round "3"]
[White "Michalik, Marina"]
[Black "Polenz, Frederik"]
[Result "0-1"]
[WhiteElo "1367"]
[BlackElo "1935"]
[PlyCount "74"]
[EventDate "2009.01.03"]
[EventType "swiss"]
[EventRounds "7"]
[EventCountry "GER"]
[SourceTitle "EXT 2012"]
[Source "ChessBase"]
[SourceDate "2011.11.24"]
[SourceVersion "1"]
[SourceVersionDate "2011.11.24"]
[SourceQuality "1"]

1. e4 d6 2. d4 Nf6 3. Nc3 e5 4. dxe5 dxe5 5. Qxd8+ Kxd8 6. a3 Bd6 7. Bg5 Be6 8. 0-0-0 Ke7 9. Bd3 Nbd7 10. Nge2 a6 11. g3 h6 12. Bd2 Nc5 13. f4 b5 14. Ng1 Rhb8 15. Nf3 Bg4 16. Rdf1 Bxf3 17. Rxf3 Kf8 18. Be3 Ncd7 19. h3 b4 20. Nd1 bxa3 21. b3 a5 22. Nc3 a2 23. Kb2 a4 24. Nxa2 axb3 25. cxb3 Ra5 26. Bc2 Nc5 27. Bxc5 Bxc5 28. b4 Ra7 29. Rb3 Bd4+ 30. Kb1 Rba8 31. Kc1 Rxa2 32. Rh2 Nxe4 33. Rg2 Ra1+ 34. Bb1 exf4 35. gxf4 Nc3 36. Kc2 Nxb1 37. Rxb1 R1a2+ 0-1

[Event "Hannover-chB"]
[Site "Lehrte"]
[Date "2008.10.14"]
[Round "7"]
[White "Polenz, Frederik"]
[Black "Celik, Abdullah1111"]
[Result "1-0"]
[WhiteElo "1749"]
[BlackElo "1699"]
[PlyCount "73"]
[EventDate "2008.10.11"]
[EventType "swiss"]
[EventRounds "7"]
[EventCountry "GER"]
[SourceTitle "EXT 2021"]
[Source "ChessBase"]
[SourceDate "2020.10.23"]
[SourceVersion "1"]
[SourceVersionDate "2020.10.23"]
[SourceQuality "1"]

1. f4 d5 2. b3 Nf6 3. e3 Bg4 4. Nf3 e6 5. Bb2 Nbd7 6. Be2 Ne4 7. 0-0 Bc5 8. Bxg7 Rg8 9. Bb2 Bh3 10. Ne1 Qh4 11. Bf3 Qxf4 12. Kh1 Nf2+ 13. Rxf2 Qh4 14. Qe2 Bf5 15. g4 Bxg4 16. Bxg4 Rxg4 17. Nf3 Qh5 18. Nc3 0-0-0 19. Rg1 f5 20. Rfg2 Nf6 21. Na4 Be7 22. Bxf6 Bxf6 23. Rxg4 fxg4 24. Nd4 Rg8 25. Nxe6 Qf5 26. Nf4 h5 27. Qd3 Qd7 28. Qxd5 Qh7 29. Qe6+ Kb8 30. Qxf6 Qe4+ 31. Ng2 g3 32. Nc5 Qg4 33. Rf1 a6 34. Qf3 Qc8 35. hxg3 b6 36. Ne4 Qh3+ 37. Kg1 1-0

[Event "Hannover-chB"]
[Site "Lehrte"]
[Date "2008.10.13"]
[Round "6"]
[White "Engelking, Michael"]
[Black "Polenz, Frederik"]
[Result "0-1"]
[WhiteElo "1716"]
[BlackElo "1749"]
[PlyCount "46"]
[EventDate "2008.10.11"]
[EventType "swiss"]
[EventRounds "7"]
[EventCountry "GER"]
[SourceTitle "EXT 2021"]
[Source "ChessBase"]
[SourceDate "2020.10.23"]
[SourceVersion "1"]
[SourceVersionDate "2020.10.23"]
[SourceQuality "1"]

1. d4 f5 2. c4 Nf6 3. Nf3 e6 4. e3 b6 5. Bd3 Bb7 6. 0-0 Be7 7. Nc3 Ne4 8. Qe2 Nxc3 9. bxc3 0-0 10. e4 f4 11. d5 Na6 12. Rd1 Nc5 13. e5 Qe8 14. Ba3 Nxd3 15. Bxe7 Nxf2 16. Bxf8 Nxd1 17. Bxg7 Nxc3 18. Qc2 Nxd5 19. cxd5 Kxg7 20. dxe6 Qxe6 21. Ng5 Qg6 22. Qxc7 Bc6 23. Rc1 Kg8 0-1

[Event "Hannover-chB"]
[Site "Lehrte"]
[Date "2008.10.11"]
[Round "2"]
[White "Neitzel, Christoph"]
[Black "Polenz, Frederik"]
[Result "1-0"]
[WhiteElo "1710"]
[BlackElo "1749"]
[PlyCount "99"]
[EventDate "2008.10.11"]
[EventType "swiss"]
[EventRounds "7"]
[EventCountry "GER"]
[SourceTitle "EXT 2021"]
[Source "ChessBase"]
[SourceDate "2020.10.23"]
[SourceVersion "1"]
[SourceVersionDate "2020.10.23"]
[SourceQuality "1"]

1. e4 d6 2. d4 Nf6 3. Nc3 e5 4. dxe5 dxe5 5. Qxd8+ Kxd8 6. Bc4 Be6 7. Bxe6 fxe6 8. f3 Nc6 9. Be3 Bd6 10. 0-0-0 Ke7 11. Nb5 a6 12. Nxd6 cxd6 13. Ne2 b5 14. Rd2 b4 15. Rhd1 Rhd8 16. c3 a5 17. Kb1 Rab8 18. c4 a4 19. g4 Na5 20. c5 Nc4 21. cxd6+ Kf7 22. Rd3 a3 23. Bc1 axb2 24. Bxb2 Nd7 25. Rc1 Rbc8 26. Rdd1 Ndb6 27. f4 exf4 28. Nxf4 Na4 29. Nd3 Rxd6 30. Ne5+ Kg8 31. Rxd6 Nxd6 32. Rxc8+ Nxc8 33. Nd3 Nd6 34. e5 Nc4 35. Bd4 Nd2+ 36. Kc2 Nf3 37. Kb3 Nxd4+ 38. Kxa4 Kf7 39. Kxb4 Ke7 40. Kc5 Nf3 41. h3 Ng5 42. a4 Kd7 43. Kb6 Kc8 44. a5 Nxh3 45. a6 Kb8 46. a7+ Ka8 47. Ka6 Ng5 48. Nc5 Ne4 49. Nxe4 h5 50. Nc5 1-0

[Event "Hannover-chC"]
[Site "Lehrte"]
[Date "2006.10.17"]
[Round "7"]
[White "Polenz, Frederik"]
[Black "Aldag, Thomas"]
[Result "0-1"]
[WhiteElo "1864"]
[BlackElo "1914"]
[PlyCount "100"]
[EventDate "2006.10.14"]
[EventType "swiss"]
[EventRounds "7"]
[EventCountry "GER"]
[SourceTitle "EXT 2021"]
[Source "ChessBase"]
[SourceDate "2020.10.23"]
[SourceVersion "1"]
[SourceVersionDate "2020.10.23"]
[SourceQuality "1"]

1. f4 Nf6 2. b3 d5 3. e3 c5 4. Nf3 Bg4 5. Bb2 a6 6. Be2 e6 7. 0-0 Be7 8. Ne5 Bxe2 9. Qxe2 Nbd7 10. d3 Qc7 11. Nxd7 Qxd7 12. Nd2 h5 13. a4 Rd8 14. d4 Qc6 15. Nf3 Rc8 16. Ne5 Qc7 17. dxc5 Bxc5 18. c3 Qb6 19. Rfe1 Qxb3 20. c4 dxc4 21. Nxc4 Qxc4 22. Qxc4 Bxe3+ 23. Rxe3 Rxc4 24. f5 Nd5 25. Rb3 0-0 26. fxe6 fxe6 27. Rxb7 Rf7 28. Rxf7 Kxf7 29. Be5 Re4 30. Bd6 e5 31. a5 Ke6 32. Bc5 Rc4 33. Bb6 Rb4 34. Ba7 Rb7 35. Bc5 Rb5 36. Bf2 g6 37. g3 e4 38. Ra3 Ke5 39. Kf1 Rb1+ 40. Kg2 Rb2 41. Kf1 Kf5 42. h3 g5 43. Ke1 Nb4 44. Kf1 Nd3 45. Bd4 Rb4 46. Bb6 Ne5 47. Rc3 Nc4 48. Bc5 Rb1+ 49. Kf2 Rb2+ 50. Kg1 Nxa5 0-1

[Event "Hannover-chC"]
[Site "Lehrte"]
[Date "2006.10.15"]
[Round "4"]
[White "Mensching, Wilfried"]
[Black "Polenz, Frederik"]
[Result "1-0"]
[WhiteElo "1814"]
[BlackElo "1864"]
[PlyCount "75"]
[EventDate "2006.10.14"]
[EventType "swiss"]
[EventRounds "7"]
[EventCountry "GER"]
[SourceTitle "EXT 2021"]
[Source "ChessBase"]
[SourceDate "2020.10.23"]
[SourceVersion "1"]
[SourceVersionDate "2020.10.23"]
[SourceQuality "1"]

1. d4 f5 2. c4 Nf6 3. g3 g6 4. Bg2 Bg7 5. Nf3 d6 6. Nc3 0-0 7. 0-0 Na6 8. Re1 c5 9. d5 Nc7 10. a4 Rb8 11. e4 Nxe4 12. Nxe4 fxe4 13. Rxe4 Bf5 14. Re1 a6 15. Qe2 Bg4 16. h3 Bxf3 17. Bxf3 b5 18. axb5 axb5 19. Bg2 Rf7 20. Ra3 bxc4 21. Rf3 Nb5 22. Rxf7 Kxf7 23. Qe6+ Kf8 24. Bg5 Rb7 25. Re4 Nd4 26. Rf4+ Bf6 27. Rxf6+ exf6 28. Bh6+ Rg7 29. Qe1 Qa8 30. Bxg7+ Kxg7 31. Qe7+ Kh6 32. Qxd6 Qa1+ 33. Kh2 Ne2 34. Qf8+ Kg5 35. h4+ Kf5 36. Qc8+ Ke5 37. Qe6+ Kd4 38. Qe3# 1-0